000 00904nam a2200313 a 4500
001 19684
003 BD-RjUL
005 20240110153439.0
008 140225s1969 enkah 001 0beng
020 _a0460007815(v.1)
020 _a0460007823 (v.2)
035 _a(BD-RjUL)19744
040 _aDLC
_cDLC
_dDLC
_dBD-RjUL
_beng
041 _aeng
082 0 0 _223
_a823.8
_bFOL 1969
100 1 _aForster, John,
_d1812-1876.
_960431
245 1 4 _aThe life of Charles Dickens /
_cJohn Forster
250 _aNew ed.
260 _aLondon ;
_bDent ;
_aNew York :
_bDutton,
_c1969.
300 _av. :
_billus;
_c19 cm.
350 _a18/- (v. 1)
490 0 _aEveryman's library
505 0 1 _aVol.1-- Vol.2--
600 1 0 _aDickens, Charles,
_d1812-1870.
650 0 _aNovelists, English
_y19th century
_xBiography.
_956441
830 _aEveryman's library
_92269
942 _2ddc
_cBK
999 _c19684
_d19684